000 00704nam a22002417a 4500
001 34332
003 UA-OsUOA
005 20220710153055.0
007 ta
008 20050927b un ||||| |||| 00| 0 ukr d
020 _a5-280-00643-2
040 _aUA-OsUOA
_brus
_cUA-OsUOA
_dUA-OsUOA
041 _arus
080 _a821.111
090 _a821.111
_bБ88
100 _aБронте Ш.
245 _aДжейн Эйр
_cперевод с английского В. Степаневич
260 _aМ.
_bХудожественная литература
_c1989
300 _a493 с.
650 7 _a82 Література. Літературознавство
_2UDC
942 _cBK
_2udc
955 _a3
999 _c320745
_d320745